Vista normal
Vista MARC
Entrada Personal Name
Número de registros utilizados en: 1
001 - CONTROL NUMBER
- control field: 1177
003 - CONTROL NUMBER IDENTIFIER
- control field: OSt
005 - DATE AND TIME OF LATEST TRANSACTION
- control field: 20110829100246.0
008 - FIXED-LENGTH DATA ELEMENTS
- fixed length control field: 110829|||a|||||| | ||| d
040 ## - CATALOGING SOURCE
- Original cataloging agency: OSt
- Transcribing agency: OSt
100 ## - HEADING--PERSONAL NAME
- Personal name: Reta, Lucrecia,
- Relator term: Compiladora.
670 ## - SOURCE DATA FOUND
- Source citation: Work cat.: (OSt)396: Martinez, Silvia Compiladora. 1175, Programa de mejoramiento de la calidad educativa y retención estudiantil (UNCo 2004-2005) / , 2006.